[Event "Opera Euro Rapid Prelim"]
[Site "chess24.com INT"]
[Date "2021.02.07"]
[Round "7.8"]
[White "Nakamura, Hikaru"]
[Black "Vidit, Santosh Gujrathi"]
[Result "1/2-1/2"]
[WhiteTitle "GM"]
[BlackTitle "GM"]
[WhiteElo "2736"]
[BlackElo "2726"]
[WhiteFideId "2016192"]
[BlackFideId "5029465"]
[EventDate "2021.02.06"]

1. b3 e5 2. Bb2 Nc6 3. e3 Nf6 4. Bb5 e4 5. Ne2 a6 6. Bxc6 dxc6 7. Ng3 h5 8. Nc3
Bg4 9. f3 exf3 10. gxf3 Be6 11. Qe2 Qd7 12. O-O-O O-O-O 13. Rhg1 h4 14. Nge4
Nxe4 15. Nxe4 f6 16. Kb1 Kb8 17. d4 Qf7 18. Qf2 Be7 19. Nc5 Bc8 20. e4 g5 21.
Nd3 Qh7 22. Qe2 Rhe8 23. a4 Qf7 24. Rdf1 Bd6 25. Qf2 Qh7 26. Re1 Qf7 27. f4 gxf4
28. Nxf4 h3 29. d5 cxd5 30. Nxd5 f5 31. Rgf1 Rg8 32. Ne3 f4 33. Nc4 Bb4 34. Rc1
Rg2 35. Qf3 Rxh2 36. Be5 Rg2 37. Bxf4 Qh7 38. Ne3 Rgg8 39. Nd5 Rxd5 40. exd5 Ba3
41. Rce1 Bb4 42. Qe4 Qxe4 43. Rxe4 Bc5 44. d6 Bxd6 45. Bxd6 cxd6 46. Rh4 Kc7 47.
Rf6 Rg7 48. Rhh6 Bd7 49. Rxd6 h2 50. Rd1 Rg1 51. Rc1 Rg2 52. Kb2 Bf5 53. Rh1
Rxc2+ 54. Ka3 Be4 55. R1xh2 Rxh2 56. Rxh2 a5 57. Kb2 b6 58. Rh4 Bd5 59. Rh7+ Kc6
60. Kc3 Kc5 61. Rh3 Be6 62. Rh6 Bd5 63. Rh8 Be6 64. Re8 Bd5 65. Re7 Kd6 66. Rg7
Kc5 67. Rg4 Be6 68. Rf4 Bd5 69. Rf6 Be4 70. Rf8 Bd5 71. Rc8+ Kd6 72. Kb2 Kd7 73.
Rc3 Kd6 74. Rc1 Be6 75. Rc2 Bd5 76. Ka3 Bc6 77. Rh2 Kc5 78. Rh5+ Bd5 79. Rg5 Kd6
80. Rg1 Kc5 81. Rd1 Bc6 82. Rd8 Bd5 83. Kb2 Bc6 84. Kc2 Bd5 85. Kc3 Kc6 86. Re8
Kc5 87. Rc8+ Kd6 88. b4 axb4+ 89. Kxb4 Bc6 90. Rg8 Bd7 91. Rh8 Kc7 92. Rh7 Kd6
93. Rg7 Bc6 94. Ra7 Bd7 95. Rb7 Kc6 96. Rb8 Kc7 97. Rh8 Kd6 98. Ra8 Bc6 99. Ra7
Bd7 100. Kc4 Bc6 101. Ra6 Kc7 102. a5 bxa5 103. Kc5 Bg2 104. Ra7+ Kd8 105. Kd6
Ke8 106. Rg7 Bf1 107. Re7+ Kf8 108. Ke6 Kg8 109. Kf6 Bd3 110. Rg7+ Kh8 111. Kf7
a4 112. Rg4 a3 113. Rh4+ Bh7 114. Ra4 Bg8+ 115. Kf8 a2 116. Rh4+ Bh7 117. Rh1
a1=Q 118. Rxa1 Bg8 119. Rg1 Bh7 120. Kf7 Be4 121. Rg8+ Kh7 122. Rg4 Bd5+ 123.
Kf6 Kh8 124. Rh4+ Kg8 125. Rd4 Ba2 126. Rd2 Bb1 127. Rb2 Bd3 128. Rb3 Bc2 129.
Rb8+ Kh7 130. Rb2 Bd3 131. Rg2 Kh8 132. Kf7 Bh7 133. Rg7 Bd3 134. Kf8 Bh7 135.
Rc7 Bg8 136. Rc8 Kh7 137. Rc3 Kh8 138. Rc2 Bh7 139. Rg2 Be4 140. Rg8+ Kh7 141.
Rg4 Bf5 142. Rf4 Bc2 143. Rf2 Bd3 144. Rd2 Be4 145. Kf7 Kh8 146. Rd8+ Kh7 147.
Rd4 Bg6+ 148. Kf6 Bc2 149. Rc4 Bb1 150. Rc1 Bd3 151. Rd1 Bc2 152. Rg1 Kh8 153.
Ra1 Bh7 154. Re1 Bg8 155. Rh1+ Bh7 156. Kf7 1/2-1/2

[Event "Opera Euro Rapid Prelim"]
[Site "chess24.com INT"]
[Date "2021.02.07"]
[Round "8.1"]
[White "Dubov, Daniil"]
[Black "Vidit, Santosh Gujrathi"]
[Result "0-1"]
[WhiteTitle "GM"]
[BlackTitle "GM"]
[WhiteElo "2710"]
[BlackElo "2726"]
[WhiteFideId "24126055"]
[BlackFideId "5029465"]
[EventDate "2021.02.06"]

1. e4 e5 2. Nc3 Nf6 3. Bc4 Nc6 4. d3 Na5 5. Bb3 Nxb3 6. axb3 d5 7. Nf3 dxe4 8.
Nxe5 exd3 9. O-O Be7 10. Nxd3 Bg4 11. Qe1 O-O 12. Be3 Re8 13. f3 Bf5 14. Qf2 Nd5
15. Nxd5 Qxd5 16. Rad1 Rad8 17. Rfe1 Bb4 18. Re2 Qb5 19. Bf4 Bxd3 20. cxd3 Bc5
21. Rxe8+ Rxe8 22. d4 Qxb3 23. Rc1 Bb6 24. Bxc7 Rc8 25. Qe1 Qxb2 26. Kh1 Ba5 27.
Qe3 Bxc7 28. h3 Qb4 29. d5 Qd6 30. f4 Rf8 31. Rc4 Bb6 32. Qe4 h6 33. g4 Rd8 0-1

[Event "Opera Euro Rapid Prelim"]
[Site "chess24.com INT"]
[Date "2021.02.07"]
[Round "8.2"]
[White "Radjabov, Teimour"]
[Black "Nakamura, Hikaru"]
[Result "1/2-1/2"]
[WhiteTitle "GM"]
[BlackTitle "GM"]
[WhiteElo "2765"]
[BlackElo "2736"]
[WhiteFideId "13400924"]
[BlackFideId "2016192"]
[EventDate "2021.02.06"]

1. d4 Nf6 2. c4 e6 3. Nf3 d5 4. Nc3 Be7 5. Bf4 O-O 6. e3 Nbd7 7. a3 c5 8. cxd5
Nxd5 9. Nxd5 exd5 10. dxc5 Nxc5 11. Be2 Bf6 12. Be5 Bf5 13. Bxf6 Qxf6 14. Qd4
Qd6 15. Qd1 Qf6 16. Qd4 Qd6 17. Qd1 Qf6 1/2-1/2

[Event "Opera Euro Rapid Prelim"]
[Site "chess24.com INT"]
[Date "2021.02.07"]
[Round "8.3"]
[White "Ding, Liren"]
[Black "Nepomniachtchi, Ian"]
[Result "1/2-1/2"]
[WhiteTitle "GM"]
[BlackTitle "GM"]
[WhiteElo "2791"]
[BlackElo "2789"]
[WhiteFideId "8603677"]
[BlackFideId "4168119"]
[EventDate "2021.02.06"]

1. d4 Nf6 2. c4 g6 3. g3 c6 4. Bg2 d5 5. cxd5 cxd5 6. Nf3 Bg7 7. Ne5 Ne4 8. Nd2
Nf6 9. Nb1 Ne4 10. Nd2 Nf6 11. Nb1 1/2-1/2

[Event "Opera Euro Rapid Prelim"]
[Site "chess24.com INT"]
[Date "2021.02.07"]
[Round "8.4"]
[White "Carlsen, Magnus"]
[Black "Giri, Anish"]
[Result "1/2-1/2"]
[WhiteTitle "GM"]
[BlackTitle "GM"]
[WhiteElo "2862"]
[BlackElo "2764"]
[WhiteFideId "1503014"]
[BlackFideId "24116068"]
[EventDate "2021.02.06"]

1. e3 d5 2. c4 e6 3. Nf3 Nf6 4. b3 c5 5. Bb2 Nc6 6. cxd5 exd5 7. Bb5 Bd6 8. O-O
O-O 9. Bxc6 bxc6 10. Nc3 Bg4 11. Ne2 Ne4 12. d3 Bxf3 13. gxf3 Qg5+ 14. Ng3 Nxg3
15. hxg3 Bxg3 16. fxg3 Qxg3+ 17. Kh1 Qh3+ 18. Kg1 Qg3+ 19. Kh1 Qh3+ 20. Kg1 Qg3+ 1/2-1/2

[Event "Opera Euro Rapid Prelim"]
[Site "chess24.com INT"]
[Date "2021.02.07"]
[Round "8.5"]
[White "Vachier-Lagrave, Maxime"]
[Black "Grischuk, Alexander"]
[Result "1/2-1/2"]
[WhiteTitle "GM"]
[BlackTitle "GM"]
[WhiteElo "2784"]
[BlackElo "2777"]
[WhiteFideId "623539"]
[BlackFideId "4126025"]
[EventDate "2021.02.06"]

1. e4 e5 2. Nf3 Nc6 3. Bb5 Nf6 4. O-O Nxe4 5. Re1 Nd6 6. Nxe5 Be7 7. Bf1 Nxe5 8.
Rxe5 O-O 9. Nc3 Ne8 10. d4 Bf6 11. Re1 d5 12. Bf4 c6 13. Ne2 g6 14. c3 Ng7 15.
Qd2 Re8 16. Ng3 Bd7 17. Bd3 Rxe1+ 18. Rxe1 Qf8 19. Be5 Bxe5 20. Rxe5 f6 21. Re2
Re8 22. h4 Rxe2 23. Nxe2 Bf5 24. Nf4 Bxd3 25. Nxd3 Nf5 26. h5 Kf7 27. Qf4 Qd6
28. Qf3 Qe7 29. Kf1 Nd6 30. hxg6+ hxg6 31. Qh3 Kg7 32. Nf4 a5 33. Qe6 Qxe6 34.
Nxe6+ Kf7 35. Nc5 Ke7 36. Ke2 g5 37. f3 Kd8 38. g4 b6 39. Nd3 Kd7 40. b3 Nb5 41.
Kd2 Nd6 42. Ke2 Nb5 43. Kd2 Nd6 44. Ke2 1/2-1/2

[Event "Opera Euro Rapid Prelim"]
[Site "chess24.com INT"]
[Date "2021.02.07"]
[Round "8.6"]
[White "So, Wesley"]
[Black "Duda, Jan-Krzysztof"]
[Result "1-0"]
[WhiteTitle "GM"]
[BlackTitle "GM"]
[WhiteElo "2770"]
[BlackElo "2743"]
[WhiteFideId "5202213"]
[BlackFideId "1170546"]
[EventDate "2021.02.06"]

1. c4 e6 2. Nc3 d5 3. d4 Nf6 4. cxd5 Nxd5 5. e4 Nxc3 6. bxc3 c5 7. Rb1 cxd4 8.
cxd4 Nc6 9. Nf3 Bb4+ 10. Bd2 Bxd2+ 11. Qxd2 O-O 12. Bb5 Ne7 13. O-O b6 14. h4
Bb7 15. Rfe1 Rc8 16. h5 h6 17. Ne5 Qd6 18. Rb3 f5 19. f3 a6 20. Bf1 b5 21. Qe3
Rfd8 22. Rd1 Nc6 23. Nxc6 Bxc6 24. a4 fxe4 25. fxe4 Be8 26. axb5 Bxh5 27. Rd2
axb5 28. Rxb5 Bg6 29. Rd1 Rb8 30. e5 Qe7 31. Rxb8 Rxb8 32. Bc4 Rd8 33. Qh3 Bf7
34. Qg4 Qd7 35. Qe4 Qa4 36. Be2 Kh8 37. Kh2 Bg8 38. Qg4 Qa7 39. Rd2 Qb6 40. Rd3
Qa7 41. Rd1 Qb6 42. Bf3 Qa7 43. Qf4 Qa4 44. Kg3 Qb4 45. Kh3 Rf8 46. Qe3 Rd8 47.
g4 Rc8 48. Kg3 Bh7 49. g5 Rc3 50. Qf4 Qb7 51. Rc1 Rd3 52. Qf8+ Bg8 53. gxh6 Qf7
54. hxg7+ Qxg7+ 55. Qxg7+ Kxg7 56. Rc4 Bf7 57. Kf4 Rd2 58. Bg4 Kf8 59. Rc8+ Ke7
60. Rc7+ Kf8 61. Ke3 Rg2 62. Bf3 Rb2 63. Be2 Bg6 64. Bg4 Bf7 65. Kf4 Rb4 66. Rd7
Ke8 67. Rd6 Ke7 68. Bf3 Be8 69. Kg5 Ra4 70. Bg4 Bf7 71. Be2 Rb4 72. Bf3 Be8 73.
Kh6 Bf7 74. Bc6 Rb2 75. Kg7 Rc2 76. Rd7+ Ke8 77. Rc7+ Kd8 78. Rd7+ Ke8 79. Rc7+
Kd8 80. Rxf7 Rxc6 81. Kf6 Rc4 82. Kxe6 Rxd4 83. Rf8+ Kc7 84. Ke7 Rh4 85. e6 Rh7+
86. Kf6 Rh6+ 87. Kf7 Rh7+ 88. Kg6 Rh1 89. e7 Rg1+ 90. Kh5 1-0

[Event "Opera Euro Rapid Prelim"]
[Site "chess24.com INT"]
[Date "2021.02.07"]
[Round "8.7"]
[White "Aronian, Levon"]
[Black "Dominguez Perez, Leinier"]
[Result "1-0"]
[WhiteTitle "GM"]
[BlackTitle "GM"]
[WhiteElo "2781"]
[BlackElo "2758"]
[WhiteFideId "13300474"]
[BlackFideId "3503240"]
[EventDate "2021.02.06"]

1. e4 c5 2. Nf3 e6 3. c3 Nf6 4. e5 Nd5 5. d4 cxd4 6. Bc4 d6 7. cxd4 Be7 8. O-O
O-O 9. Qe2 Bd7 10. Bxd5 exd5 11. Nc3 Be6 12. Bf4 Nc6 13. Rfd1 Re8 14. h3 h6 15.
Nb5 Bf5 16. Qf1 dxe5 17. dxe5 a6 18. Nbd4 Be4 19. e6 Bf6 20. exf7+ Kxf7 21. Rac1
Rc8 22. Be3 Qd7 23. Rd2 Kg8 24. Rcd1 Kh7 25. Ne1 Nxd4 26. Bxd4 Bg5 27. Re2 Qb5
28. f3 Bg6 29. Rxe8 Qxf1+ 30. Kxf1 Rxe8 31. Nd3 Bxd3+ 32. Rxd3 Rd8 33. Rc3 Rd7
34. Ke2 Kg6 35. Kd3 Bf4 36. Rc8 Kf7 37. h4 h5 38. g4 hxg4 39. fxg4 Rc7 40. Rd8
Ke6 41. h5 Bg5 42. Re8+ Kf7 43. Re5 Bf6 44. Rf5 Ke6 45. Bxf6 gxf6 46. h6 Rh7 47.
Rh5 Kf7 48. Kd4 Kg6 49. Kxd5 Rd7+ 50. Ke6 Rh7 51. a4 b5 52. axb5 axb5 53. b4 Rh8
54. h7 Re8+ 55. Kd7 Rh8 56. Kc6 1-0

[Event "Opera Euro Rapid Prelim"]
[Site "chess24.com INT"]
[Date "2021.02.07"]
[Round "8.8"]
[White "Bluebaum, Matthias"]
[Black "Shankland, Sam"]
[Result "0-1"]
[WhiteTitle "GM"]
[BlackTitle "GM"]
[WhiteElo "2670"]
[BlackElo "2691"]
[WhiteFideId "24651516"]
[BlackFideId "2004887"]
[EventDate "2021.02.06"]

1. d4 Nf6 2. Nf3 d5 3. e3 c6 4. h3 Bf5 5. g4 Bg6 6. Ne5 Nfd7 7. Nxg6 hxg6 8. Bg2
e6 9. Nd2 f5 10. c4 Nf6 11. g5 Ne4 12. Nxe4 dxe4 13. h4 c5 14. dxc5 Nc6 15. a3
Bxc5 16. b4 Bd6 17. Qb3 Kf7 18. c5 Be5 19. Ra2 Rxh4 20. Rxh4 Qxg5 21. b5 Na5 22.
Qb4 Qxg2 23. Bd2 g5 24. Rh7 Kg6 25. Qxa5 Kxh7 26. Kd1 Qxf2 27. c6 b6 28. Qb4
Qf1+ 29. Be1 Bg3 30. c7 Bxc7 0-1

[Event "Opera Euro Rapid Prelim"]
[Site "chess24.com INT"]
[Date "2021.02.07"]
[Round "9.2"]
[White "Dominguez Perez, Leinier"]
[Black "Bluebaum, Matthias"]
[Result "1/2-1/2"]
[WhiteTitle "GM"]
[BlackTitle "GM"]
[WhiteElo "2758"]
[BlackElo "2670"]
[WhiteFideId "3503240"]
[BlackFideId "24651516"]
[EventDate "2021.02.06"]

1. e4 e6 2. d4 d5 3. Nc3 Nf6 4. e5 Nfd7 5. f4 c5 6. Nf3 Nc6 7. Be3 a6 8. a3 cxd4
9. Nxd4 Bc5 10. Qd2 O-O 11. O-O-O Rb8 12. h4 Bxd4 13. Bxd4 b5 14. Rh3 Nxd4 15.
Qxd4 Qe7 16. h5 h6 17. b4 f6 18. exf6 Qxf6 19. Rf3 Qxd4 20. Rxd4 Nf6 21. a4 Bd7
22. axb5 axb5 23. Be2 Nxh5 24. f5 exf5 25. Nxd5 Rfe8 26. Bd3 Re5 27. Rh3 Bc6 28.
Rxh5 Rxd5 29. Rxd5 Bxd5 30. Rxf5 Bxg2 31. Rxb5 Rxb5 32. Bxb5 h5 33. Kd2 h4 34.
Ke3 g5 35. Be2 Kf8 36. c4 Ke7 37. c5 Bd5 38. Bg4 Bc6 39. Kf2 Bb5 40. Be2 Bxe2
41. Kxe2 g4 1/2-1/2

[Event "Opera Euro Rapid Prelim"]
[Site "chess24.com INT"]
[Date "2021.02.07"]
[Round "9.3"]
[White "Duda, Jan-Krzysztof"]
[Black "Aronian, Levon"]
[Result "1/2-1/2"]
[WhiteTitle "GM"]
[BlackTitle "GM"]
[WhiteElo "2743"]
[BlackElo "2781"]
[WhiteFideId "1170546"]
[BlackFideId "13300474"]
[EventDate "2021.02.06"]

1. e4 e5 2. Nf3 Nc6 3. Bb5 a6 4. Ba4 Nf6 5. O-O Bc5 6. c3 b5 7. Bb3 d6 8. d4 Bb6
9. dxe5 Nxe5 10. Nxe5 dxe5 11. Qxd8+ Kxd8 12. Bxf7 Rf8 13. Bd5 Nxd5 14. exd5 Bb7
15. Be3 Bxe3 16. fxe3 Rxf1+ 17. Kxf1 Bxd5 18. Nd2 Ke7 19. e4 Bc4+ 20. Nxc4 bxc4
21. Rd1 Rd8 22. Rxd8 Kxd8 23. Kf2 Ke7 24. Kg3 Kf6 25. Kh4 g6 26. g4 a5 27. g5+
Ke6 28. a4 c5 29. Kg4 Kd6 30. h4 Ke6 31. h5 Kd6 32. h6 Ke6 33. Kh4 Kd6 34. Kg4
Ke6 35. Kh4 Kd6 36. Kg4 1/2-1/2

[Event "Opera Euro Rapid Prelim"]
[Site "chess24.com INT"]
[Date "2021.02.07"]
[Round "9.4"]
[White "Grischuk, Alexander"]
[Black "So, Wesley"]
[Result "1/2-1/2"]
[WhiteTitle "GM"]
[BlackTitle "GM"]
[WhiteElo "2777"]
[BlackElo "2770"]
[WhiteFideId "4126025"]
[BlackFideId "5202213"]
[EventDate "2021.02.06"]

1. e4 e5 2. Nf3 Nc6 3. Bb5 Nf6 4. O-O Nxe4 5. d4 Nd6 6. Bxc6 dxc6 7. dxe5 Nf5 8.
Qxd8+ Kxd8 9. h3 Bd7 10. Rd1 Be7 11. g4 Nh4 12. Nxh4 Bxh4 13. Nd2 Kc8 14. Nf3
Be7 15. Bg5 Bc5 16. Rd3 Be6 17. Be3 Bxe3 18. Rxe3 Kd7 19. Ng5 Ke7 20. Nxe6 Kxe6
21. f4 g6 22. Rd1 Rad8 23. Red3 Rxd3 24. Rxd3 h5 25. g5 a5 26. Kf2 a4 27. Ke3
Ra8 28. Ke4 Ra5 29. c4 Ra8 30. Rf3 Rd8 31. Rd3 Ra8 32. Rd2 c5 33. Rd5 b6 34. Rd3
Rb8 35. Rd5 Ra8 36. Ke3 Rb8 37. Ke4 Ra8 1/2-1/2

[Event "Opera Euro Rapid Prelim"]
[Site "chess24.com INT"]
[Date "2021.02.07"]
[Round "9.5"]
[White "Giri, Anish"]
[Black "Vachier-Lagrave, Maxime"]
[Result "1-0"]
[WhiteTitle "GM"]
[BlackTitle "GM"]
[WhiteElo "2764"]
[BlackElo "2784"]
[WhiteFideId "24116068"]
[BlackFideId "623539"]
[EventDate "2021.02.06"]

1. e4 c5 2. Nf3 d6 3. d4 cxd4 4. Nxd4 Nf6 5. Nc3 Nc6 6. Bg5 e6 7. Qd2 a6 8.
O-O-O Bd7 9. Kb1 Be7 10. Nxc6 Bxc6 11. f3 b5 12. h4 Qc7 13. Ne2 h6 14. Be3 d5
15. e5 Nd7 16. f4 Nc5 17. Nd4 Ne4 18. Qe1 Bd7 19. g4 O-O-O 20. Bd3 g5 21. f5
gxh4 22. f6 Bc5 23. Rxh4 Qxe5 24. Bxe4 Qxe4 25. Qc3 Kb7 26. Nxe6 Bxe6 27. Qxc5
d4 28. Bxd4 Qc6 29. Qa7+ Kc8 30. Rh5 Rd5 31. Rxd5 Bxd5 32. Bb6 Re8 33. Qxa6+ Kd7
34. Qa7+ Kc8 35. Qa6+ Kb8 36. a4 bxa4 37. Ba7+ Ka8 38. Qa5 Bc4 39. Bb6+ Kb7 40.
Qa7+ Kc8 41. Bc7 Qb7 42. Qxa4 Bb5 43. Qa5 Be2 44. Rd4 Qh1+ 45. Ka2 Qc6 46. Bg3
Bc4+ 47. b3 Ba6 48. Kb2 1-0

[Event "Opera Euro Rapid Prelim"]
[Site "chess24.com INT"]
[Date "2021.02.07"]
[Round "9.7"]
[White "Nakamura, Hikaru"]
[Black "Ding, Liren"]
[Result "1-0"]
[WhiteTitle "GM"]
[BlackTitle "GM"]
[WhiteElo "2736"]
[BlackElo "2791"]
[WhiteFideId "2016192"]
[BlackFideId "8603677"]
[EventDate "2021.02.06"]

1. b3 e5 2. Bb2 Nc6 3. e3 Nf6 4. Bb5 e4 5. Ne2 a6 6. Bxc6 dxc6 7. Ng3 h5 8. Nc3
Qe7 9. h4 Rh6 10. Qe2 Bg4 11. f3 exf3 12. gxf3 Bd7 13. O-O-O O-O-O 14. Qf2 Kb8
15. e4 Bc8 16. Kb1 c5 17. d3 Qe8 18. Rhe1 Nd7 19. Nf5 Rc6 20. Nd5 Ne5 21. Qg3 f6
22. Nfe3 b5 23. Rg1 Kb7 24. Qf2 a5 25. Qe2 Ra6 26. Rg2 a4 27. Rdg1 axb3 28. axb3
Be6 29. Rxg7 Bxg7 30. Rxg7 Bxd5 31. Nxd5 Rd7 32. Rg3 Rf7 33. Qg2 Ra8 34. Rg7 Qf8
35. Rxf7 Qxf7 36. Qf2 Nd7 37. Qg3 Rc8 38. Qf4 Qg6 39. Bc1 Qf7 40. Qf5 c6 41. Ne3
Rg8 42. f4 Kc7 43. Bd2 Ra8 44. Qh3 Kb6 45. Bc1 Nf8 46. Nf5 Ne6 47. Qe3 Qa7 48.
Bb2 Rf8 49. Ng3 Qh7 50. f5 Nd4 51. b4 Kb7 52. bxc5 1-0

[Event "Opera Euro Rapid Prelim"]
[Site "chess24.com INT"]
[Date "2021.02.07"]
[Round "9.8"]
[White "Vidit, Santosh Gujrathi"]
[Black "Radjabov, Teimour"]
[Result "1/2-1/2"]
[WhiteTitle "GM"]
[BlackTitle "GM"]
[WhiteElo "2726"]
[BlackElo "2765"]
[WhiteFideId "5029465"]
[BlackFideId "13400924"]
[EventDate "2021.02.06"]

1. Nf3 Nf6 2. c4 g6 3. Nc3 Bg7 4. g3 c6 5. e4 d5 6. e5 Ne4 7. d4 O-O 8. cxd5
cxd5 9. Bg2 Nc6 10. O-O Nxc3 11. bxc3 Qa5 12. Bd2 Qa6 13. Ng5 h6 14. Nh3 Na5 15.
Nf4 e6 16. h4 Bd7 17. a4 Rac8 18. Re1 Qb6 19. Qg4 Nc4 20. Reb1 Qc7 21. Be1 a6
22. Bf1 b5 23. axb5 Bxb5 24. Bd3 Rfe8 25. Bc2 Qe7 26. Rd1 Nb2 27. Rdb1 Nc4 28.
Rd1 Nb2 29. Rdc1 Nc4 30. Ra2 a5 31. Rca1 Ra8 32. Nd3 Rec8 33. Qd1 h5 34. Nb2 Qc7
35. Nxc4 Bxc4 36. Ra4 Bb5 37. R4a2 Bc4 38. Ra4 Bb5 39. R4a2 Bc4 1/2-1/2

[Event "Opera Euro Rapid Prelim"]
[Site "chess24.com INT"]
[Date "2021.02.07"]
[Round "10.1"]
[White "Dubov, Daniil"]
[Black "Radjabov, Teimour"]
[Result "1/2-1/2"]
[WhiteTitle "GM"]
[BlackTitle "GM"]
[WhiteElo "2710"]
[BlackElo "2765"]
[WhiteFideId "24126055"]
[BlackFideId "13400924"]
[EventDate "2021.02.06"]

1. d4 Nf6 2. Nf3 d5 3. c4 e6 4. Nc3 c5 5. Bg5 dxc4 6. e4 cxd4 7. Qxd4 Qxd4 8.
Nxd4 a6 9. Bxc4 Nbd7 10. f3 Bc5 11. Nb3 Ba7 12. Be2 Ne5 13. Bh4 Nh5 14. Bf2 Nf4
15. Bxa7 Rxa7 16. Kf2 Bd7 17. Rhd1 Nxe2 18. Kxe2 Ke7 19. Nc5 Rc8 20. Nxd7 Nxd7
21. Rac1 Raa8 22. Na4 Rxc1 23. Rxc1 b5 24. Nc5 Rc8 25. Nd3 Rxc1 26. Nxc1 Kd6 27.
Nd3 Nc5 28. Ke3 Nxd3 29. Kxd3 e5 30. b4 g5 31. Ke3 Ke6 32. g3 f6 33. g4 h6 34.
h3 Ke7 35. Kd3 Kd7 36. a3 Kc7 37. Kc3 Kd7 38. Kd3 Kc7 39. Kc3 Kd7 40. Kd3 1/2-1/2

[Event "Opera Euro Rapid Prelim"]
[Site "chess24.com INT"]
[Date "2021.02.07"]
[Round "10.4"]
[White "Vachier-Lagrave, Maxime"]
[Black "Nepomniachtchi, Ian"]
[Result "1/2-1/2"]
[WhiteTitle "GM"]
[BlackTitle "GM"]
[WhiteElo "2784"]
[BlackElo "2789"]
[WhiteFideId "623539"]
[BlackFideId "4168119"]
[EventDate "2021.02.06"]

1. e4 c5 2. Nf3 d6 3. Bb5+ Nd7 4. O-O a6 5. Bd3 Ngf6 6. Re1 g6 7. c3 Ne5 8. Be2
Bg7 9. d4 Nxf3+ 10. Bxf3 O-O 11. dxc5 dxc5 12. Qxd8 Rxd8 13. e5 Nd5 14. a4 Bf5
15. a5 Rd7 16. Na3 Bd3 17. e6 fxe6 18. Rxe6 Rad8 19. Re1 Bf6 20. g3 Kg7 21. h4
h6 22. Kg2 c4 23. Nb1 Rc7 24. Nd2 Rc5 25. Ne4 Rb5 26. Ra2 Rd7 27. Nd2 Rc7 28.
Ra4 Rcc5 29. Bxd5 Rxd5 30. Nxc4 Rdc5 31. Ne3 Rxa5 32. Rxa5 Rxa5 33. Ng4 g5 34.
hxg5 hxg5 35. Be3 Bf5 36. Nxf6 exf6 37. f3 g4 38. fxg4 Bxg4 39. Rf1 Rf5 40. Rxf5
Bxf5 1/2-1/2

[Event "Opera Euro Rapid Prelim"]
[Site "chess24.com INT"]
[Date "2021.02.08"]
[Round "11.1"]
[White "Dominguez Perez, Leinier"]
[Black "Dubov, Daniil"]
[Result "0-1"]
[WhiteTitle "GM"]
[BlackTitle "GM"]
[WhiteElo "2758"]
[BlackElo "2710"]
[WhiteFideId "3503240"]
[BlackFideId "24126055"]
[EventDate "2021.02.06"]

1. e4 c5 2. Nf3 d6 3. d4 cxd4 4. Nxd4 Nf6 5. Nc3 Nc6 6. Bg5 g6 7. Bxf6 exf6 8.
Bb5 Bd7 9. Qd2 Bg7 10. O-O-O O-O 11. Bxc6 bxc6 12. Nb3 Be6 13. Qxd6 Qb6 14. Qc5
f5 15. Qxb6 axb6 16. exf5 Bxf5 17. Nd4 Bd7 18. a3 Rfe8 19. Rd3 h5 20. Rhd1 Rac8
21. f3 c5 22. Ndb5 Bxb5 23. Nxb5 Bh6+ 24. Kb1 Re2 25. Rg1 Be3 26. Rh1 Re8 27.
Nd6 Re6 28. Ne4 f5 29. Nc3 Rxg2 30. Re1 f4 31. Nd5 Kf7 32. Nxe3 fxe3 33. Rdxe3
Rxe3 34. Rxe3 Rxh2 35. b4 cxb4 36. axb4 Rf2 37. Kb2 h4 38. b5 h3 39. f4 h2 40.
Rh3 Kf6 41. Rh4 g5 42. Rh6+ Kf5 43. fxg5 Kxg5 44. Rh7 Kg4 45. Rh6 Kg3 46. Rg6+
Kf3 47. Rf6+ Kg2 48. Rg6+ Kf1 49. Rh6 Kg1 0-1

[Event "Opera Euro Rapid Prelim"]
[Site "chess24.com INT"]
[Date "2021.02.08"]
[Round "11.2"]
[White "Duda, Jan-Krzysztof"]
[Black "Shankland, Sam"]
[Result "1/2-1/2"]
[WhiteTitle "GM"]
[BlackTitle "GM"]
[WhiteElo "2743"]
[BlackElo "2691"]
[WhiteFideId "1170546"]
[BlackFideId "2004887"]
[EventDate "2021.02.06"]

1. d4 Nf6 2. c4 g6 3. Nc3 d5 4. cxd5 Nxd5 5. e4 Nxc3 6. bxc3 Bg7 7. Bc4 O-O 8.
Ne2 c5 9. O-O Nc6 10. Be3 Bg4 11. f3 Bd7 12. Rb1 Qc7 13. Qd2 Rfd8 14. Bd5 e6 15.
Bxc6 Bxc6 16. Rb3 b5 17. Bh6 Bxh6 18. Qxh6 b4 19. Rc1 Ba4 20. Rb2 cxd4 21. cxd4
Qb6 22. Qg5 a5 23. Rc5 Bd1 24. Qe5 Qd6 25. Qxd6 Rxd6 26. d5 exd5 27. e5 Rb6 28.
Nf4 b3 29. Rc1 Bc2 30. Nxd5 Rb7 31. Ne3 a4 32. Nxc2 Rc8 33. axb3 axb3 34. f4 Rc3
35. Rcb1 Rxc2 36. Rxb3 Rxb3 37. Rxb3 h5 38. Re3 Kf8 39. g3 Ke7 40. Ra3 Rb2 41.
Ra6 Rc2 42. Rd6 Rb2 43. Rc6 Ra2 44. Rd6 Rb2 45. h3 Ra2 46. Kf1 Rb2 47. Ke1 Rb3
48. Kf2 h4 49. g4 Rxh3 50. f5 gxf5 51. gxf5 Ra3 52. f6+ Ke8 53. Kg2 Ra5 54. e6
fxe6 55. Rxe6+ Kf7 56. Re4 Kxf6 57. Rxh4 Rg5+ 58. Kf3 Kg6 59. Rg4 Rxg4 60. Kxg4 1/2-1/2

[Event "Opera Euro Rapid Prelim"]
[Site "chess24.com INT"]
[Date "2021.02.08"]
[Round "11.3"]
[White "Grischuk, Alexander"]
[Black "Bluebaum, Matthias"]
[Result "1/2-1/2"]
[WhiteTitle "GM"]
[BlackTitle "GM"]
[WhiteElo "2777"]
[BlackElo "2670"]
[WhiteFideId "4126025"]
[BlackFideId "24651516"]
[EventDate "2021.02.06"]

1. e4 e6 2. d4 d5 3. Nc3 Nf6 4. e5 Nfd7 5. f4 c5 6. Nf3 Nc6 7. Be3 a6 8. Qd2 b5
9. a3 Qa5 10. dxc5 Bxc5 11. Bxc5 Nxc5 12. Nd4 Nxd4 13. Qxd4 Na4 14. b4 Qc7 15.
Nxa4 bxa4 16. c4 dxc4 17. Qxc4 Qxc4 18. Bxc4 Bd7 19. Kf2 Ke7 20. Rhd1 Rhc8 21.
Rac1 Bb5 22. Be2 h6 23. Ke3 g5 24. g3 f6 25. Bf3 Rab8 26. Be4 gxf4+ 27. gxf4
fxe5 28. fxe5 Rxc1 29. Rxc1 Rg8 30. Kf4 Kd7 31. h4 Rf8+ 32. Ke3 Rg8 33. Kf4 Rf8+
34. Ke3 Rg8 35. Kf4 Rf8+ 1/2-1/2

[Event "Opera Euro Rapid Prelim"]
[Site "chess24.com INT"]
[Date "2021.02.08"]
[Round "11.4"]
[White "Giri, Anish"]
[Black "Aronian, Levon"]
[Result "1/2-1/2"]
[WhiteTitle "GM"]
[BlackTitle "GM"]
[WhiteElo "2764"]
[BlackElo "2781"]
[WhiteFideId "24116068"]
[BlackFideId "13300474"]
[EventDate "2021.02.06"]

1. e4 e5 2. Nf3 Nc6 3. Bb5 a6 4. Ba4 Nf6 5. O-O Bc5 6. c3 b5 7. Bb3 d6 8. d4 Bb6
9. Be3 O-O 10. Nbd2 Re8 11. a4 Rb8 12. axb5 axb5 13. Qe2 Bd7 14. Ng5 Rf8 15.
dxe5 dxe5 16. Ngf3 Qe7 17. Rfd1 Bxe3 18. Qxe3 Rfd8 19. h3 Be8 20. Nf1 Rxd1 21.
Rxd1 b4 22. Ba4 bxc3 23. bxc3 Ra8 24. Bb5 Rb8 25. Ba4 Ra8 26. Bb5 Rb8 27. Ba4 1/2-1/2